000 00300nam a2200109Ia 4500
008 171211s9999 xx 000 0 und d
245 _aInnovative Tools for Health Education
245 _cMarilyn Grechus
260 _c2010
650 _xitness
856 _uhttp://down.ebook777.com/064/0736089853.pdf
999 _c348857
_d348857